000 00489nam a22001817a 4500
003 UA-OsUOA
001 17840
007 ta
008 20040328b un ||||| |||| 00| 0 ukr d
100 _aДемчук Р.
942 _cSA
040 _aUA-OsUOA
_cUA-OsUOA
_dUA-OsUOA
245 _aЗабув. 8 Березня: [Гумореска]
300 _aС.8
955 _a0
773 0 _w0
_tЕнергія
_dКузнецовськ
_d2004
_g№9/5 берез./
650 7 _aГуморески
_2UDC
999 _c304008
_d304008